000 006690000a22002050004500
020 _a950-730-039-2
041 0 _aSPA
082 0 4 _aG 170.4 E1929e
100 1 _aEco, Umberto
245 1 0 _aEn qué creen los que no creen? Un diálogo sobre la ética en el fin del milenio / Umberto Eco, Carlo Maria Martini; Carlos Gumpert Melgosa, Traductor
260 _aBogotá, Colombia : Temas de hoy
300 _a166 Pag
500 _aTítulo original : In cosa crede chi non crede?
650 1 4 _aETICA \ ETICA RELIGIOSA
001 8946
942 _cBK
999 _c39040
_d39040
336 _atexto
_btxt
_2rdacontent
337 _2rdamedia
_asin mediación
_bn
338 _2rdacarrier
_avolumen
_bnc